[Event "Tournoi francophone 022E"]
[Site "Skype"]
[Date "????.??.??"]
[Round "7.1"]
[White "Tolaro, Filippa"]
[Black "Codina, Teresa"]
[Result "0-1"]
[WhiteElo "1564"]
[BlackElo "1519"]
[PlyCount "60"]

1. Nf3 d5 2. d4 e6 3. b3 Be7 4. Bb2 Nf6 5. e3 O-O 6. c4 b6 7. Nbd2 Bb7 8. Bd3
h6 9. Ne5 Re8 10. O-O Nbd7 11. Rc1 a5 12. f4 h5 13. f5 exf5 14. Bxf5 Bd6 15. a3
Nxe5 16. dxe5 Bxe5 17. Bxe5 Rxe5 18. e4 dxe4 19. Rf4 e3 20. Nf3 Qxd1+ 21. Rxd1
e2 22. Rc1 Rd5 23. cxd5 Bxd5 24. Be4 Bxe4 25. Rxe4 Nxe4 26. h3 c5 27. a4 Rd8
28. Kh2 Rd1 29. Rc4 Nd2 30. Rc2 Nxf3+ 0-1

[Event "Tournoi francophone 022E"]
[Site "Skype"]
[Date "????.??.??"]
[Round "7.2"]
[White "Bolanos Ocampo, Sandra"]
[Black "Viatge, Fabrice"]
[Result "0-1"]
[WhiteElo "1495"]
[BlackElo "1472"]
[PlyCount "74"]

1. e4 d6 2. d4 g6 3. Nf3 Bg7 4. Bd3 Nd7 5. Bg5 Ngf6 6. Nbd2 c5 7. a3 O-O 8. O-O
Qb6 9. Rb1 cxd4 10. Nxd4 Qxd4 11. Qc1 Ne5 12. c3 Qa4 13. Bc2 Qd7 14. h3 b6 15.
Qd1 Ba6 16. Re1 Bd3 17. Re3 Bxc2 18. Qxc2 Rac8 19. Nf3 Nxf3+ 20. Rxf3 h6 21.
Bf4 Qc6 22. e5 dxe5 23. Bxe5 Nd5 24. Re1 Bxe5 25. Rxe5 Nf6 26. Rxe7 Kg7 27.
Rxa7 Rc7 28. Ra4 Re8 29. Raf4 Re6 30. Rg3 Nh5 31. Qc1 Nxf4 32. Qxf4 Rf6 33. Qh4
Qc5 34. Rg4 Re7 35. Rd4 Re1+ 36. Kh2 Qe5+ 37. g3 Rxf2# 0-1

[Event "Tournoi francophone 022E"]
[Site "Skype"]
[Date "????.??.??"]
[Round "7.3"]
[White "Hargez, Dany"]
[Black "Abate, Luigi"]
[Result "0-1"]
[WhiteElo "1578"]
[BlackElo "1473"]
[PlyCount "78"]

1. e4 e5 2. d4 exd4 3. Nf3 Nc6 4. Bc4 Na5 5. Bd5 c6 6. Bxf7+ Kxf7 7. Ne5+ Ke8
8. Qxd4 Qb6 9. Nf3 Qxd4 10. Nxd4 Nf6 11. O-O Kd8 12. Bg5 Be7 13. Nc3 Re8 14. e5
Ng4 15. Nf3 Nxe5 16. Bxe7+ Rxe7 17. Nxe5 Rxe5 18. f4 Re8 19. Rae1 Rxe1 20. Rxe1
b6 21. Ne4 Kc7 22. Rd1 d5 23. Ng5 h6 24. Nf7 Bg4 25. Re1 Bd7 26. Ne5 Re8 27. h3
g5 28. fxg5 hxg5 29. g4 Nc4 30. Nd3 Rxe1+ 31. Nxe1 Nxb2 32. Nf3 c5 33. Nxg5 d4
34. Kf2 Na4 35. Ke2 Nc3+ 36. Kd3 Bb5+ 37. Kd2 Nxa2 38. Ne6+ Kd6 39. Nf8 a5 0-1

[Event "Tournoi francophone 022E"]
[Site "Skype"]
[Date "????.??.??"]
[Round "7.4"]
[White "Valmalette, Alain"]
[Black "Ortis, Yves"]
[Result "1-0"]
[WhiteElo "1445"]
[BlackElo "1424"]
[PlyCount "90"]

1. d4 f5 2. Bf4 d6 3. d5 g6 4. c4 Bg7 5. Qc2 Nf6 6. Nf3 O-O 7. e3 e6 8. Bd3 e5
9. Nxe5 dxe5 10. Bxe5 Nbd7 11. Bd4 b6 12. b4 Qe7 13. a3 Ne5 14. O-O Nxd3 15.
Qxd3 Qe8 16. Nd2 Bh6 17. Qc3 Qe7 18. Rfe1 Bb7 19. Nf3 Bg7 20. Ng5 Ne4 21. Nxe4
Bxd4 22. Qxd4 Qxe4 23. Qxe4 fxe4 24. Rad1 Rad8 25. Rd4 Rfe8 26. Red1 Rd6 27. h4
Bc8 28. c5 bxc5 29. bxc5 Rdd8 30. g3 Bg4 31. Rf1 Be2 32. Re1 Bf3 33. Rb1 Kg7
34. Rb7 Kh6 35. Rxc7 Rb8 36. Rb4 Rxb4 37. axb4 a6 38. d6 Bg4 39. c6 Rc8 40.
Rxc8 Bxc8 41. d7 Bxd7 42. cxd7 Kh5 43. d8=Q Kg4 44. Qd4 h6 45. Qxe4+ Kh5 1-0

[Event "Tournoi francophone 022E"]
[Site "Skype"]
[Date "????.??.??"]
[Round "7.5"]
[White "Wildt, Gerti"]
[Black "Rodriguez, Nathalie"]
[Result "1/2-1/2"]
[WhiteElo "1476"]
[BlackElo "1457"]
[PlyCount "80"]

1. d4 d5 2. Nf3 Bf5 3. Bf4 Nc6 4. c3 h6 5. e3 a6 6. Nbd2 e6 7. h3 Nf6 8. Be2
Be7 9. O-O Nh5 10. g4 Nxf4 11. exf4 Bh7 12. Ne5 Nxe5 13. fxe5 O-O 14. Nf3 c6
15. Bd3 Bxd3 16. Qxd3 Qb6 17. Rab1 Rfe8 18. c4 dxc4 19. Qxc4 Qc7 20. Rbd1 Rad8
21. b4 b5 22. Qc3 Rd5 23. a3 Red8 24. h4 Qb6 25. Rc1 Rc8 26. Kh2 f6 27. Qe3
fxe5 28. dxe5 Rcd8 29. Qxb6 Rd3 30. Kg2 Rxa3 31. Qxc6 Kf7 32. Qe4 Rdd3 33. Qf4+
Ke8 34. Rc8+ Kd7 35. Qc1 Bd8 36. Qc6+ Ke7 37. Qc5+ Kd7 38. Qc6+ Ke7 39. Qc5+
Kd7 40. Qc6+ Ke7 1/2-1/2

[Event "Tournoi francophone 022E"]
[Site "Skype"]
[Date "????.??.??"]
[Round "8.2"]
[White "Ortis, Yves"]
[Black "Wildt, Gerti"]
[Result "1-0"]
[WhiteElo "1424"]
[BlackElo "1476"]
[PlyCount "75"]

1. c4 e6 2. d4 d5 3. Nc3 c5 4. Nf3 Ne7 5. e4 cxd4 6. Nxd4 Nbc6 7. Be3 a6 8. a3
Ng6 9. g3 Be7 10. exd5 exd5 11. Nxd5 O-O 12. Ne2 Re8 13. Bb6 Qd6 14. Nc7 Qxd1+
15. Rxd1 Rd8 16. Nxa8 Rxd1+ 17. Kxd1 Nge5 18. Nd4 Bg4+ 19. Be2 Bxe2+ 20. Nxe2
Nxc4 21. Kc2 Nxb6 22. Nxb6 Bf6 23. Nd5 Bg5 24. f4 Bd8 25. Re1 h6 26. Ng1 Kf8
27. Nf3 a5 28. h4 a4 29. Nb4 Ba5 30. Rd1 Bb6 31. Nxc6 bxc6 32. Ne5 c5 33. Nd7+
Ke7 34. Nxb6 Kf6 35. Nd7+ Ke6 36. Nxc5+ Kf6 37. Rd6+ Ke7 38. Ra6 1-0

[Event "Tournoi francophone 022E"]
[Site "Skype"]
[Date "????.??.??"]
[Round "8.4"]
[White "Viatge, Fabrice"]
[Black "Hargez, Dany"]
[Result "1-0"]
[WhiteElo "1472"]
[BlackElo "1578"]
[PlyCount "76"]

1. c4 e5 2. Nc3 Nf6 3. Nf3 e4 4. Nd4 Bd6 5. g3 Be5 6. e3 b6 7. Bg2 Bb7 8. Qc2
c5 9. Nde2 Bxc3 10. Nxc3 O-O 11. Nxe4 d5 12. Nxf6+ Qxf6 13. cxd5 Qd6 14. e4 Nd7
15. O-O Rae8 16. d3 Nf6 17. Bf4 Qd7 18. Rfe1 Nh5 19. Bd2 Re5 20. Bc3 Rg5 21.
Qd2 Rg6 22. Qe2 Rh6 23. Bd2 Nxg3 24. fxg3 Rg6 25. Bc3 Bc8 26. d4 Qd6 27. e5 Qe7
28. d6 Qh4 29. gxh4 Bg4 30. Qd2 Bf3 31. Re2 Bxe2 32. Qxe2 Re8 33. Kh1 Ree6 34.
Be4 Rh6 35. Rf1 Rxh4 36. Bf5 Reh6 37. d7 Rxh2+ 38. Qxh2 Rxh2+ 1-0

[Event "Tournoi francophone 022E"]
[Site "Skype"]
[Date "????.??.??"]
[Round "8.5"]
[White "Tolaro, Filippa"]
[Black "Bolanos Ocampo, Sandra"]
[Result "1-0"]
[WhiteElo "1564"]
[BlackElo "1495"]
[PlyCount "125"]

1. Nf3 d6 2. d4 Nf6 3. e3 Nc6 4. Bb5 Bd7 5. b3 e5 6. Bb2 a6 7. Bxc6 Bxc6 8.
dxe5 dxe5 9. Qxd8+ Rxd8 10. O-O Bc5 11. Bxe5 Rd7 12. Nbd2 Nh5 13. Rad1 O-O 14.
Nc4 Bb5 15. Rxd7 Bxd7 16. Bxc7 Bf5 17. c3 Nf6 18. Nd4 Bd7 19. b4 Be7 20. Ne5
Be6 21. Nxe6 fxe6 22. Rd1 Rc8 23. Bb6 h6 24. h3 Nd5 25. Bd4 Kh7 26. Rc1 Rf8 27.
Nd3 Rf5 28. e4 Rg5 29. exd5 exd5 30. Nf4 Bd6 31. Be3 Rf5 32. g3 h5 33. h4 g6
34. Re1 Kg7 35. Nxd5 Rxd5 36. Bd4+ Kf7 37. f4 Rb5 38. a3 a5 39. Be5 Be7 40. Rd1
axb4 41. Rd7 b3 42. Rd1 Bxa3 43. c4 Rb4 44. Bc7 b2 45. Rb1 b5 46. Bd6 Rb3 47.
Bxa3 Rxg3+ 48. Kf2 Rxa3 49. c5 Rb3 50. Ke2 Ke7 51. Kd2 Rb4 52. Kc2 Kd7 53. Rd1+
Kc6 54. Rb1 Kxc5 55. Kd3 Rb3+ 56. Kc2 Kb4 57. Rxb2 Ka3 58. Rxb3+ Ka4 59. Kc3
b4+ 60. Rxb4+ Ka5 61. Kc4 Ka6 62. Rb5 Ka7 63. Rg5 1-0